<?xml version="1.0" encoding="UTF-8"?>
<record
    xmlns:xsi="http://www.w3.org/2001/XMLSchema-instance"
    xsi:schemaLocation="http://www.loc.gov/MARC21/slim http://www.loc.gov/standards/marcxml/schema/MARC21slim.xsd"
    xmlns="http://www.loc.gov/MARC21/slim">

  <leader>00962nam a22002057a 4500</leader>
  <datafield tag="952" ind1=" " ind2=" ">
    <subfield code="0">0</subfield>
    <subfield code="1">0</subfield>
    <subfield code="2">lcc</subfield>
    <subfield code="4">0</subfield>
    <subfield code="7">0</subfield>
    <subfield code="a">08</subfield>
    <subfield code="b">08</subfield>
    <subfield code="d">2016-08-23</subfield>
    <subfield code="l">5</subfield>
    <subfield code="o">BJ1595  E75 2010</subfield>
    <subfield code="p">08 006053</subfield>
    <subfield code="r">2018-03-22</subfield>
    <subfield code="s">2018-03-22</subfield>
    <subfield code="t">1</subfield>
    <subfield code="w">2017-08-29</subfield>
    <subfield code="y">LB</subfield>
  </datafield>
  <datafield tag="999" ind1=" " ind2=" ">
    <subfield code="c">102460</subfield>
    <subfield code="d">102460</subfield>
  </datafield>
  <controlfield tag="008">170829s        mx ||||| |||| 00| 0 spa d</controlfield>
  <datafield tag="020" ind1=" " ind2=" ">
    <subfield code="a">9789700777634</subfield>
  </datafield>
  <datafield tag="050" ind1=" " ind2=" ">
    <subfield code="a">BJ1595 </subfield>
    <subfield code="b">E75 2010</subfield>
  </datafield>
  <datafield tag="100" ind1=" " ind2=" ">
    <subfield code="a">Garc&#xED;a Fern&#xE1;ndez, Dora</subfield>
    <subfield code="e">autor</subfield>
    <subfield code="9">22062</subfield>
  </datafield>
  <datafield tag="245" ind1=" " ind2=" ">
    <subfield code="a">&#xC9;tica, profesi&#xF3;n y ciudadan&#xED;a </subfield>
    <subfield code="b"> : una &#xE9;tica c&#xED;vica para la vida en com&#xFA;n</subfield>
    <subfield code="c"> / Dora Elvira  Garcia Gonzalez</subfield>
  </datafield>
  <datafield tag="260" ind1=" " ind2=" ">
    <subfield code="a">M&#xE9;xico</subfield>
    <subfield code="b"> : Porr&#xFA;a</subfield>
    <subfield code="c"> , 2010</subfield>
  </datafield>
  <datafield tag="300" ind1=" " ind2=" ">
    <subfield code="a">ix, 1769 p&#xE1;ginas</subfield>
  </datafield>
  <datafield tag="504" ind1=" " ind2=" ">
    <subfield code="a">Bibliograf&#xED;a (pp.165-169)</subfield>
  </datafield>
  <datafield tag="505" ind1=" " ind2=" ">
    <subfield code="a">Dimensi&#xF3;n &#xE9;tica de la vida humana
Fundamentos de la &#xE9;tica: an&#xE1;lisis y desarrollo moral 
Universalismo y relativismo en la &#xE9;tica
&#xEB;tica y sociedad
&#xC9;tica para la vida

</subfield>
  </datafield>
  <datafield tag="519" ind1=" " ind2=" ">
    <subfield code="a">Plan Flexible /</subfield>
    <subfield code="b">Pedagog&#xED;a /</subfield>
    <subfield code="c">Teor&#xED;a Pedag&#xF3;gica (B01-3) /</subfield>
    <subfield code="d">(08 006053)</subfield>
  </datafield>
  <datafield tag="650" ind1="1" ind2="0">
    <subfield code="a">CONDUCTA DE VIDA</subfield>
    <subfield code="9">3341</subfield>
  </datafield>
  <datafield tag="650" ind1="2" ind2="0">
    <subfield code="a">CONSIDERACIONES &#xC9;TICAS, SOCIALES Y LEGALES </subfield>
  </datafield>
  <datafield tag="942" ind1=" " ind2=" ">
    <subfield code="2">lcc</subfield>
    <subfield code="c">LB</subfield>
  </datafield>
</record>
